000 00629-am-a2200181-a-4500
001 YSU0129045
003 AM-YEHGA
005 20250617163955.0
008 990519s1962 xxu 000 0 rus u
040 _aAM-YeHGA
100 1 0 _aОбручева, Ольга Павловна
245 1 0 _aПанцирные рыбы девона СССР (коккостеиды и динихтииды) /
_cО.П. Обручева ; Под ред. Ю.А. Орлова
260 0 _aМосква :
_bМГУ ,
_c1962.
300 _a189 с.
650 4 _aПалеоботаника
700 1 _aОрлова, Ю.А.
_4edt
090 _c519277
999 _c515736
_d515736